La conjuración de Catilina (Record no. 164469)

MARC details
000 -LEADER
campo de control de longitud fija 01143nam a2200265 i 4500
001 - NÚMERO DE CONTROL
campo de control 164469
003 - IDENTIFICADOR DE NÚMERO DE CONTROL
campo de control ES-MaACL
005 - FECHA Y HORA DE LA ÚLTIMA TRANSACCIÓN
campo de control 20250816063147.0
008 - DATOS DE LONGITUD FIJA--INFORMACIÓN GENERAL
campo de control de longitud fija 931025s1879 sp |||| | spa d
100 1# - ENTRADA PRINCIPAL--NOMBRE DE PERSONA
Nombre de persona Salustio Crispo, Cayo,
Fechas asociadas al nombre 86 a.C.-34 a.C.
9 (RLIN) 102051
245 13 - MENCIÓN DEL TÍTULO
Título La conjuración de Catilina
Resto del título ; y La guerra de Jugurta /
Mención de responsabilidad, etc. Cayo Salustio Crispo ; traducidas por el Infante D. Gabriel . Fragmentos de la Grande historia / traducidos por Marcelino Menéndez Pelayo.
260 ## - PUBLICACIÓN, DISTRIBUCIÓN, ETC.
Lugar de publicación, distribución, etc. Madrid :
Nombre del editor, distribuidor, etc. [s.n.],
Fecha de publicación, distribución, etc. 1879 (
Fabricante Imp. Central a cargo de V. Saiz)
300 ## - DESCRIPCIÓN FÍSICA
Extensión 350 p. ;
Dimensiones 17 cm.
490 1# - MENCIÓN DE SERIE
Mención de serie Biblioteca clásica ;
Designación de volumen o secuencia 15
650 #4 - PUNTO DE ACCESO ADICIONAL DE MATERIA--TÉRMINO DE MATERIA
Término de materia o nombre geográfico como elemento de entrada Guerra de Yugurta, 111 a.C.-105 a.C.
9 (RLIN) 169336
651 #4 - PUNTO DE ACCESO ADICIONAL DE MATERIA--NOMBRE GEOGRÁFICO
Nombre geográfico Roma-
Subdivisión general Historia-
Subdivisión cronológica 65-62 a.C. Conjuración de Catilina.
9 (RLIN) 159880
700 1# - ENTRADA AGREGADA--NOMBRE PERSONAL
Nombre de persona Borbón, Gabriel de,
Títulos y otros términos asociados al nombre Infante de España,
Fechas asociadas al nombre 1752-1788
9 (RLIN) 126078
700 1# - ENTRADA AGREGADA--NOMBRE PERSONAL
Nombre de persona Menéndez y Pelayo, Marcelino,
9 (RLIN) 80332
Fechas asociadas al nombre 1856-1912
740 32 - ENTRADA AGREGADA--TÍTULO RELACIONADO/ANALÍTICO NO CONTROLADO
Título relacionado o analítico no controlado La guerra de Jugurta.
740 02 - ENTRADA AGREGADA--TÍTULO RELACIONADO/ANALÍTICO NO CONTROLADO
Título relacionado o analítico no controlado Fragmentos de la Grande historia.
830 0# - PUNTO DE ACCESO ADICIONAL DE SERIE-TÍTULO UNIFORME
Título uniforme Biblioteca clásica ;
Designación de volumen o secuencia 15
9 (RLIN) 180370
852 ## - LOCALIZACIÓN
Ubicación ES-MaACL
Número de control de estantería F-13256
Nota libre - Enc. hol.
942 ## - ELEMENTOS DE ENTRADA SECUNDARIOS (KOHA)
Fuente del sistema de clasificación o colocación Clasificación decimal universal
Holdings
Estatus retirado Estado de pérdida Estado de daño No para préstamo Colección Biblioteca de origen Biblioteca actual Ubicación en estantería Fecha de adquisición Fuente de adquisición Total de préstamos Signatura topográfica completa Código de barras Visto por última vez Precio de reemplazo Tipo de ítem Koha
        Libros del s. XIX Biblioteca del Ateneo de Madrid Biblioteca del Ateneo de Madrid Sala Pecera Planta 2 17/01/2008     F-13256 1172398 23/02/2023 23/02/2023 Libro impreso antiguo